Statistiken für Lahrer Stadtteile

Klicken Sie hier um das Quiz zu spielen!

Allgemein

  • Dieses Quiz wurde 4 mal gespielt
  • Das Durchschnittsergebnis liegt bei 3 aus 7

Antwortstatistiken

HintAntwort% Korrekt
3Kuhbach
67%
5Mietersheim
67%
7Sulz
67%
1Hugsweier
33%
2Kippenheimweiler
33%
6Reichenbach
33%
4Langenwinkel
0%

Verteilung der Resultate

Perzentil nach korrekt beantworteten Fragen

Anzahl Personen mit jedem Resultat

Ihre Resultats-Entwicklung

Sie haben dieses Quiz noch nicht gespielt